Statistiques concernant Fruits courants en anglais

Cliquez ici pour prendre le quiz!

Statistiques générales

  • Ce quiz a été pris 919 fois
  • Le résultat moyen est 16 sur 20

Statistiques - réponses

AnglaisFrançais% Correct
ApplePomme
100%
BananaBanane
99%
ApricotAbricot
98%
CherryCerise
97%
LemonCitron
97%
CoconutNoix de coco
96%
PeachPêche
96%
GrapeRaisin
96%
StrawberryFraise
95%
FigFigue
93%
WatermelonPastèque
93%
PineappleAnanas
91%
PearPoire
91%
RaspberryFramboise
87%
BlackberryMûre
81%
BilberryMyrtille
57%
RedcurrantGroseille
55%
PlumPrune
41%
GrapefruitPamplemousse
36%
BlackcurrantCassis
30%

Distribution des résultats

Percentile par nombre de réponses

% des personnes avec chaque résultat

Votre développement - résultats

Vous n’avez pas pris ce quiz